|
|
|
|
| LEADER |
00000nam0a2200000 4500 |
| 001 |
266983 |
| 005 |
20231101234040.0 |
| 020 |
|
|
|a RU
|b 86-95099
|
| 035 |
|
|
|a (RuTPU)RU\TPU\book\290003
|
| 090 |
|
|
|a 266983
|
| 100 |
|
|
|a 20140718d1986 km y0rusy5003 ca
|
| 101 |
0 |
|
|a rus
|
| 102 |
|
|
|a UA
|
| 105 |
|
|
|a y z 001zy
|
| 200 |
1 |
|
|a Устойчивость денег и механизм ее обеспечения при социализме
|f М. И. Савлук
|
| 210 |
|
|
|a Киев
|c Вища школа
|d 1986
|
| 215 |
|
|
|a 140 с.
|
| 320 |
|
|
|a Библиогр.: с. 138-141 (97 назв.)
|
| 606 |
1 |
|
|a Денежное обращение
|2 stltpush
|3 (RuTPU)RU\TPU\subj\36097
|9 57593
|
| 606 |
1 |
|
|a Деньги и денежное обращение при социализме
|2 stltpush
|3 (RuTPU)RU\TPU\subj\36100
|
| 610 |
1 |
|
|a устойчивость
|
| 610 |
1 |
|
|a обеспечение
|
| 610 |
1 |
|
|a социалистический строй
|
| 610 |
1 |
|
|a денежная система
|
| 610 |
1 |
|
|a качество
|
| 610 |
1 |
|
|a сбалансированность
|
| 686 |
|
|
|a У9(2)262.6
|v LBC/SL-A
|2 rubbk
|
| 686 |
|
|
|a У013.774
|v LBC/SL-A
|2 rubbk
|
| 700 |
|
1 |
|a Савлук
|b М. И.
|g Михаил Иванович
|4 070
|
| 801 |
|
0 |
|a RU
|b RuMRKP
|c 19950417
|g psbo
|
| 801 |
|
1 |
|a RU
|b 63413507
|c 20140718
|
| 801 |
|
2 |
|a RU
|b 63413507
|c 20170217
|g RCR
|
| 942 |
|
|
|c BK
|